Cell viability in the presence of lysozyme amyloid fibrils and magnetic fluids

Bibliographic Details
Main Authors: Siposova, K. (Author), Antosova, A. (Author), Ganea, C. (Author), Lazova, J. (Author), Muckova, M. (Author), Mocanu, M.-M (Author), Gazova, Z. (Author)
Format: Article
Language:English
ISBN:9788097077907
Subjects:

MARC

LEADER 00000naa a2200000 a 4500
001 vtls011849904
003 SK-MaSNL
005 20260302134110.0
008 210910|2011 xo |||||||||||||||||eng|
015 |a SNBCL 
035 |a (urnnbn)urn:nbn:sk:snk:ar-a0ar5w 
035 |a urn:nbn:sk:snk-aaw56f 
035 |a (uuid)c185a014-d035-4c98-9436-15dcb367900a 
040 |a SNKBUCL  |b slo  |c SNKBUCL  |e AACR2 
041 |a eng 
044 |a xo  |c SK 
100 1 |a Siposova, K.  |4 aut  |9 774801 
245 1 0 |a Cell viability in the presence of lysozyme amyloid fibrils and magnetic fluids  |c K. Siposova, M. Muckova, J. Lazova, M.-M. Mocanu, C. Ganea, A. Antosova, Z. Gazova 
336 |a text  |b txt  |c rdacontent 
337 |a bez média  |b n  |c rdamedia 
338 |a zväzok  |b nc  |c rdacarrier 
655 7 |a články zo zborníkov  |2 snkbucl  |9 166140 
700 1 |a Antosova, A.  |4 aut  |9 774799 
700 1 |a Ganea, C.  |4 aut  |9 821406 
700 1 |a Lazova, J.  |4 aut  |9 821407 
700 1 |a Muckova, M.  |4 aut  |9 818422 
700 1 |a Mocanu, M.-M.  |4 aut  |9 821408 
700 1 |a Gazova, Z.  |4 aut  |9 821394 
773 0 |t Structure and stability of biomacromolecules SSB 2011  |d Košice : Institute of Experimental Physics, Slovak Academy of Sciences, 2011  |g S. 134-135  |z 9788097077907 
958 |a OND 
958 |a article26 
958 |a chapter 
999 |c 1319979  |d 1321909